[Event "MP do 16 lat - chlopcy"]
[Site "Sypniewo"]
[Date "2022.03.27"]
[Round "9.9"]
[White "Kejna, Piotr"]
[Black "Taranowicz, Michal"]
[Result "1-0"]
[BlackElo "1965"]
[WhiteElo "2037"]
[LiveChessVersion "1.4.8"]

1. e4 {[%clk 1:30:55]} d6 {[%clk 1:30:57]} 2. d4 {[%clk 1:31:18]} g6
{[%clk 1:31:23]} 3. Nc3 {[%clk 1:31:19]} Bg7 {[%clk 1:31:48]} 4. Be3
{[%clk 1:30:36]} Nf6 {[%clk 1:32:10]} 5. f3 {[%clk 1:29:20]} c6 {[%clk 1:32:31]}
6. Qd2 {[%clk 1:29:32]} b5 {[%clk 1:32:21]} 7. g4 {[%clk 1:29:39]} Qa5
{[%clk 1:28:52]} 8. h4 {[%clk 1:29:15]} Nbd7 {[%clk 1:20:15]} 9. h5
{[%clk 1:27:52]} Nb6 {[%clk 1:17:38]} 10. h6 {[%clk 1:22:41]} Bf8
{[%clk 1:17:30]} 11. g5 {[%clk 1:22:05]} Nfd7 {[%clk 1:13:19]} 12. d5
{[%clk 1:15:39]} Ne5 {[%clk 1:08:44]} 13. Bxb6 {[%clk 1:10:13]} Qxb6
{[%clk 1:08:38]} 14. dxc6 {[%clk 1:09:19]} a6 {[%clk 1:08:48]} 15. Nd5
{[%clk 0:57:46]} Qxc6 {[%clk 1:08:31]} 16. Qa5 {[%clk 0:57:17]} Ra7
{[%clk 1:03:51]} 17. O-O-O {[%clk 0:52:45]} Nd7 {[%clk 0:54:44]} 18. Ne2
{[%clk 0:51:42]} e6 {[%clk 0:54:33]} 19. Nd4 {[%clk 0:51:38]} Qb7
{[%clk 0:53:56]} 20. Qc3 {[%clk 0:35:54]} exd5 {[%clk 0:38:10]} 21. exd5
{[%clk 0:35:20]} f6 {[%clk 0:22:14]} 22. Qe3+ {[%clk 0:32:20]} Ne5
{[%clk 0:22:34]} 23. Nc6 {[%clk 0:31:10]} Ra8 {[%clk 0:21:32]} 24. f4
{[%clk 0:30:29]} Bd7 {[%clk 0:20:22]} 25. fxe5 {[%clk 0:30:25]} fxe5
{[%clk 0:17:16]} 26. Nxe5 {[%clk 0:29:15]} Be7 {[%clk 0:16:05]} 27. Re1
{[%clk 0:28:22]} dxe5 {[%clk 0:13:44]} 28. Qxe5 {[%clk 0:28:13]} Bf5
{[%clk 0:13:47]} 29. Qxh8+ {[%clk 0:28:09]} Kd7 {[%clk 0:14:07]} 30. Rxe7+
{[%clk 0:28:32]} 1-0

[Event "MP do 16 lat - chlopcy"]
[Site "Sypniewo"]
[Date "2022.03.27"]
[Round "9.10"]
[White "Wnek, Filip"]
[Black "Herwy, Jakub"]
[Result "0-1"]
[BlackElo "1947"]
[WhiteElo "2033"]
[LiveChessVersion "1.4.8"]

1. e4 {[%clk 1:29:16]} c5 {[%clk 1:30:58]} 2. Nf3 {[%clk 1:29:40]} e6
{[%clk 1:31:22]} 3. d4 {[%clk 1:30:05]} cxd4 {[%clk 1:31:49]} 4. Nxd4
{[%clk 1:30:29]} a6 {[%clk 1:32:16]} 5. Bd3 {[%clk 1:29:19]} Bc5 {[%clk 1:32:41]}
6. Nb3 {[%clk 1:29:43]} Ba7 {[%clk 1:33:08]} 7. Qe2 {[%clk 1:29:12]} d6
{[%clk 1:33:03]} 8. Be3 {[%clk 1:29:36]} Nc6 {[%clk 1:33:00]} 9. Bxa7
{[%clk 1:29:45]} Rxa7 {[%clk 1:33:27]} 10. c4 {[%clk 1:29:49]} Nge7
{[%clk 1:28:28]} 11. Nc3 {[%clk 1:30:11]} O-O {[%clk 1:26:55]} 12. Rd1
{[%clk 1:30:04]} b6 {[%clk 1:26:52]} 13. O-O {[%clk 1:30:07]} Rd7
{[%clk 1:26:56]} 14. Bb1 {[%clk 1:25:33]} Ng6 {[%clk 1:25:54]} 15. f4
{[%clk 1:25:32]} Bb7 {[%clk 1:25:23]} 16. Qe3 {[%clk 1:20:34]} Qc7
{[%clk 1:21:38]} 17. Rc1 {[%clk 1:20:02]} Nce7 {[%clk 1:18:52]} 18. Na4
{[%clk 1:13:27]} Nc8 {[%clk 1:18:05]} 19. Nd4 {[%clk 1:10:51]} Bc6
{[%clk 1:11:46]} 20. Nc3 {[%clk 1:11:03]} e5 {[%clk 1:08:50]} 21. fxe5
{[%clk 0:54:01]} Nxe5 {[%clk 1:08:47]} 22. Nd5 {[%clk 0:53:19]} Bxd5
{[%clk 1:00:21]} 23. cxd5 {[%clk 0:53:39]} Qd8 {[%clk 1:00:21]} 24. Nc6
{[%clk 0:52:44]} Qe8 {[%clk 1:00:11]} 25. Qg3 {[%clk 0:44:09]} f6
{[%clk 0:56:47]} 26. Nxe5 {[%clk 0:44:03]} fxe5 {[%clk 0:56:47]} 27. Rxf8+
{[%clk 0:44:03]} Kxf8 {[%clk 0:56:25]} 28. Rc6 {[%clk 0:43:46]} Qd8
{[%clk 0:55:12]} 29. Bd3 {[%clk 0:43:26]} Na7 {[%clk 0:52:09]} 30. Rc1
{[%clk 0:40:23]} a5 {[%clk 0:47:17]} 31. Qh3 {[%clk 0:38:41]} g6 {[%clk 0:47:28]}
32. Qh6+ {[%clk 0:38:32]} Kg8 {[%clk 0:47:04]} 33. Rf1 {[%clk 0:38:09]} Qe8
{[%clk 0:37:36]} 34. Rf6 {[%clk 0:32:35]} Qd8 {[%clk 0:34:07]} 35. Re6
{[%clk 0:30:49]} Rf7 {[%clk 0:29:05]} 36. h4 {[%clk 0:24:33]} Rf6
{[%clk 0:27:57]} 37. h5 {[%clk 0:24:19]} Rxe6 {[%clk 0:23:22]} 38. dxe6
{[%clk 0:24:06]} g5 {[%clk 0:21:05]} 39. Bc4 {[%clk 0:23:05]} Kh8
{[%clk 0:16:54]} 40. Kh2 {[%clk 0:52:47]} Qe7 {[%clk 0:42:09]} 41. Kg3
{[%clk 0:52:18]} b5 {[%clk 0:38:59]} 42. Bd5 {[%clk 0:52:46]} Nc8
{[%clk 0:39:22]} 43. Bb7 {[%clk 0:50:37]} Nb6 {[%clk 0:37:03]} 44. Kg4
{[%clk 0:50:02]} Nc4 {[%clk 0:32:30]} 45. Qxg5 {[%clk 0:49:53]} Qxe6+
{[%clk 0:32:53]} 46. Kg3 {[%clk 0:47:31]} h6 {[%clk 0:24:49]} 47. Qd8+
{[%clk 0:47:56]} Qg8+ {[%clk 0:25:17]} 48. Qxg8+ {[%clk 0:46:31]} Kxg8
{[%clk 0:25:45]} 49. a4 {[%clk 0:47:00]} Nxb2 {[%clk 0:25:45]} 50. axb5
{[%clk 0:47:15]} Kg7 {[%clk 0:25:50]} 51. Bd5 {[%clk 0:45:51]} Na4
{[%clk 0:26:17]} 52. Kh4 {[%clk 0:45:15]} Nb6 {[%clk 0:26:25]} 53. Ba2
{[%clk 0:45:30]} Kf6 {[%clk 0:26:31]} 54. g4 {[%clk 0:45:50]} a4 {[%clk 0:25:15]}
55. g5+ {[%clk 0:34:37]} hxg5+ {[%clk 0:25:40]} 56. Kg4 {[%clk 0:35:02]} a3
{[%clk 0:20:26]} 57. h6 {[%clk 0:33:58]} d5 {[%clk 0:19:41]} 58. exd5
{[%clk 0:33:01]} e4 {[%clk 0:19:40]} 59. d6 {[%clk 0:33:14]} Kg6 {[%clk 0:19:51]}
60. Kg3 {[%clk 0:26:54]} Kxh6 {[%clk 0:19:53]} 61. Kf2 {[%clk 0:26:45]} g4
{[%clk 0:20:04]} 62. Bd5 {[%clk 0:25:23]} Kg5 {[%clk 0:18:28]} 63. Bc4
{[%clk 0:23:40]} Kf4 {[%clk 0:18:21]} 64. Ba2 {[%clk 0:23:38]} g3+
{[%clk 0:18:38]} 65. Ke2 {[%clk 0:24:07]} e3 {[%clk 0:19:02]} 66. Kf1
{[%clk 0:23:59]} Ke5 {[%clk 0:19:20]} 0-1

[Event "MP do 16 lat - chlopcy"]
[Site "Sypniewo"]
[Date "2022.03.27"]
[Round "9.11"]
[White "Maslanka, Wojciech"]
[Black "Jedraszek, Pawel"]
[Result "1-0"]
[BlackElo "1954"]
[WhiteElo "1980"]
[LiveChessVersion "1.4.8"]

1. d4 {[%clk 1:30:56]} Nf6 {[%clk 1:30:53]} 2. c4 {[%clk 1:31:21]} g6
{[%clk 1:31:10]} 3. Nc3 {[%clk 1:31:45]} Bg7 {[%clk 1:31:31]} 4. e4
{[%clk 1:32:11]} d6 {[%clk 1:31:52]} 5. h4 {[%clk 1:32:33]} c5 {[%clk 1:28:45]}
6. d5 {[%clk 1:32:58]} b5 {[%clk 1:20:23]} 7. cxb5 {[%clk 1:32:59]} a6
{[%clk 1:20:45]} 8. a4 {[%clk 1:33:24]} axb5 {[%clk 1:15:23]} 9. Bxb5+
{[%clk 1:33:05]} Bd7 {[%clk 1:15:45]} 10. Qe2 {[%clk 1:32:38]} Bxb5
{[%clk 1:14:35]} 11. Nxb5 {[%clk 1:31:35]} Na6 {[%clk 1:12:42]} 12. Bd2
{[%clk 1:26:21]} O-O {[%clk 1:04:42]} 13. Nf3 {[%clk 1:25:23]} Qb6
{[%clk 0:58:31]} 14. Bc3 {[%clk 1:21:05]} Rfb8 {[%clk 0:53:05]} 15. O-O
{[%clk 1:16:06]} c4 {[%clk 0:43:35]} 16. Nd2 {[%clk 1:07:03]} Nc5
{[%clk 0:42:52]} 17. Nxc4 {[%clk 1:07:18]} Qd8 {[%clk 0:40:31]} 18. Nd4
{[%clk 0:53:57]} Qd7 {[%clk 0:40:12]} 19. a5 {[%clk 0:53:22]} Qb7
{[%clk 0:29:00]} 20. Nd2 {[%clk 0:50:27]} Na6 {[%clk 0:26:32]} 21. Nc6
{[%clk 0:47:17]} Re8 {[%clk 0:26:05]} 22. Qf3 {[%clk 0:42:55]} Nb8
{[%clk 0:24:00]} 23. Nxb8 {[%clk 0:42:21]} Rexb8 {[%clk 0:24:03]} 24. Ra4
{[%clk 0:28:01]} Nd7 {[%clk 0:22:43]} 25. Bxg7 {[%clk 0:24:47]} Kxg7
{[%clk 0:23:10]} 26. Qc3+ {[%clk 0:25:06]} f6 {[%clk 0:21:54]} 27. b4
{[%clk 0:19:09]} Rc8 {[%clk 0:21:06]} 28. Qe3 {[%clk 0:17:24]} Ne5
{[%clk 0:18:16]} 29. Rfa1 {[%clk 0:15:29]} Rc2 {[%clk 0:09:20]} 30. Qe2
{[%clk 0:07:16]} Qc7 {[%clk 0:08:51]} 31. R4a2 Qc3 {[%clk 0:07:52]} 32. Rxc2
{[%clk 0:05:27]} Qxc2 {[%clk 0:07:42]} 33. Qd1 {[%clk 0:04:41]} Qc3
{[%clk 0:07:19]} 34. Rb1 {[%clk 0:03:00]} Nd3 {[%clk 0:07:10]} 35. b5
{[%clk 0:02:09]} Rxa5 {[%clk 0:04:54]} 36. b6 {[%clk 0:02:13]} Ra8
{[%clk 0:03:14]} 37. Nf3 {[%clk 0:01:31]} Nc5 {[%clk 0:02:15]} 38. Nd4
{[%clk 0:00:49]} Rb8 {[%clk 0:02:06]} 39. Ne6+ {[%clk 0:00:42]} Nxe6
{[%clk 0:02:25]} 40. dxe6 {[%clk 0:31:08]} Qc6 {[%clk 0:31:30]} 41. Qd4
{[%clk 0:29:53]} Rb7 {[%clk 0:23:25]} 42. g3 {[%clk 0:27:50]} h5 {[%clk 0:21:09]}
43. Rb2 {[%clk 0:26:52]} Rb8 {[%clk 0:19:42]} 44. Kh2 {[%clk 0:26:43]} Kf8
{[%clk 0:12:37]} 45. f3 {[%clk 0:23:27]} Kg7 {[%clk 0:10:51]} 46. f4
{[%clk 0:23:40]} Rb7 {[%clk 0:07:54]} 47. Kg2 {[%clk 0:14:33]} Rb8
{[%clk 0:08:06]} 48. Kh2 {[%clk 0:13:55]} Rb7 {[%clk 0:08:35]} 49. f5
{[%clk 0:14:12]} gxf5 {[%clk 0:08:25]} 50. exf5 {[%clk 0:14:34]} Qf3
{[%clk 0:06:46]} 51. Qf4 {[%clk 0:13:32]} Qc3 {[%clk 0:05:36]} 52. Qf2
{[%clk 0:13:03]} Qc6 {[%clk 0:02:19]} 53. Rb4 {[%clk 0:09:53]} Qc3
{[%clk 0:01:04]} 54. Rb1 {[%clk 0:10:06]} Qc6 {[%clk 0:01:16]} 55. Rb2
{[%clk 0:09:19]} Rb8 {[%clk 0:01:11]} 56. Qg1 {[%clk 0:08:11]} Qf3
{[%clk 0:00:41]} 57. Qb1 {[%clk 0:07:53]} Rb7 {[%clk 0:00:53]} 58. Qc2
{[%clk 0:07:26]} Qa3 {[%clk 0:00:36]} 59. Qg2 {[%clk 0:06:53]} Rb8
{[%clk 0:00:43]} 60. b7 {[%clk 0:06:58]} Qc5 {[%clk 0:00:47]} 61. Qf3
{[%clk 0:06:43]} Kh6 {[%clk 0:00:49]} 62. Qf4+ {[%clk 0:06:17]} Kh7
{[%clk 0:01:01]} 63. Qe4 {[%clk 0:06:14]} Qc7 {[%clk 0:01:02]} 64. Qb4
{[%clk 0:06:03]} Qc6 {[%clk 0:00:55]} 65. Qb5 {[%clk 0:06:00]} Qc3
{[%clk 0:01:02]} 66. Qb4 {[%clk 0:05:16]} Qc6 {[%clk 0:01:15]} 67. Qb6
{[%clk 0:05:39]} Qc3 {[%clk 0:01:27]} 68. Rf2 {[%clk 0:05:00]} Rg8
{[%clk 0:00:35]} 69. Rg2 {[%clk 0:05:10]} Rb8 {[%clk 0:01:04]} 70. Qb5
{[%clk 0:05:12]} Qf3 {[%clk 0:01:09]} 71. Rb2 {[%clk 0:04:27]} Rg8
{[%clk 0:01:29]} 72. Qb3 {[%clk 0:04:13]} Qxb3 {[%clk 0:00:31]} 73. Rxb3
{[%clk 0:04:38]} Rb8 {[%clk 0:00:56]} 74. Kg2 {[%clk 0:05:04]} Kg7
{[%clk 0:00:53]} 75. Kf3 {[%clk 0:05:29]} d5 {[%clk 0:00:48]} 76. Ke3
{[%clk 0:05:55]} Kf8 {[%clk 0:01:07]} 77. Kd4 {[%clk 0:06:22]} Ke8
{[%clk 0:01:31]} 78. Kxd5 {[%clk 0:06:43]} Kd8 {[%clk 0:01:16]} 1-0

[Event "MP do 16 lat - chlopcy"]
[Site "Sypniewo"]
[Date "2022.03.27"]
[Round "9.12"]
[White "Malinowski, Szymon"]
[Black "Rog, Bartlomiej"]
[Result "0-1"]
[BlackElo "2143"]
[WhiteElo "1675"]
[LiveChessVersion "1.4.8"]

1. d4 {[%clk 1:30:57]} Nf6 {[%clk 1:30:48]} 2. Bf4 {[%clk 1:31:17]} c5
{[%clk 1:31:10]} 3. e3 {[%clk 1:31:36]} Nd5 {[%clk 1:31:31]} 4. Bg3
{[%clk 1:29:39]} Qb6 {[%clk 1:31:50]} 5. b3 {[%clk 1:28:06]} cxd4
{[%clk 1:32:09]} 6. Qxd4 {[%clk 1:25:20]} Qxd4 {[%clk 1:25:11]} 7. exd4
{[%clk 1:25:47]} g6 {[%clk 1:25:01]} 8. Nf3 {[%clk 1:24:40]} Bg7 {[%clk 1:24:12]}
9. c4 {[%clk 1:24:10]} Nc6 {[%clk 1:17:47]} 10. Be5 {[%clk 1:14:51]} Nxe5
{[%clk 1:17:54]} 11. Nxe5 {[%clk 1:14:29]} d6 {[%clk 1:12:22]} 12. Nf3
{[%clk 1:13:55]} Bg4 {[%clk 1:11:33]} 13. Na3 {[%clk 1:11:55]} Bxf3
{[%clk 1:04:05]} 14. gxf3 {[%clk 1:12:21]} Bxd4 {[%clk 1:03:30]} 15. O-O-O
{[%clk 1:12:01]} Bc5 {[%clk 1:02:29]} 16. Nb5 {[%clk 1:11:38]} a6
{[%clk 1:02:42]} 17. cxd5 {[%clk 1:12:02]} axb5 {[%clk 1:02:35]} 18. Bxb5+
{[%clk 1:12:23]} Kf8 {[%clk 1:02:16]} 19. Rd2 {[%clk 1:12:14]} Ba3+
{[%clk 1:01:58]} 20. Kd1 {[%clk 1:02:10]} Rc8 {[%clk 0:59:22]} 21. Ke2
{[%clk 0:58:43]} Rc5 {[%clk 0:54:17]} 22. Bd7 {[%clk 0:56:14]} Kg7
{[%clk 0:48:42]} 23. Rg1 {[%clk 0:55:07]} Ra8 {[%clk 0:44:25]} 24. Bf5
{[%clk 0:45:18]} Bb4 {[%clk 0:42:36]} 25. Rb2 {[%clk 0:44:40]} Rxd5
{[%clk 0:42:27]} 26. Be4 {[%clk 0:42:57]} Re5 {[%clk 0:42:12]} 27. Kd3
{[%clk 0:43:04]} d5 {[%clk 0:42:01]} 28. Bxd5 {[%clk 0:42:08]} Rxd5+
{[%clk 0:42:17]} 29. Kc4 {[%clk 0:42:33]} Ba3 {[%clk 0:42:41]} 30. Kxd5
{[%clk 0:42:38]} Bxb2 {[%clk 0:42:12]} 31. a4 {[%clk 0:43:03]} Ra5+
{[%clk 0:42:32]} 32. Kc4 {[%clk 0:43:21]} Rf5 {[%clk 0:41:42]} 33. b4
{[%clk 0:43:08]} Rxf3 {[%clk 0:41:13]} 34. Kb5 {[%clk 0:42:55]} Rf4
{[%clk 0:38:38]} 35. Rb1 {[%clk 0:42:39]} Bd4 {[%clk 0:38:16]} 0-1

[Event "MP do 16 lat - chlopcy"]
[Site "Sypniewo"]
[Date "2022.03.27"]
[Round "9.13"]
[White "Lysakowski, Kamil"]
[Black "Dziewonski, Dariusz"]
[Result "1-0"]
[BlackElo "2093"]
[WhiteElo "1805"]
[LiveChessVersion "1.4.8"]

1. e4 {[%clk 1:30:58]} e5 {[%clk 1:30:57]} 2. Nf3 {[%clk 1:31:24]} Nc6
{[%clk 1:31:22]} 3. Bc4 {[%clk 1:31:49]} Bc5 {[%clk 1:31:48]} 4. c3
{[%clk 1:32:15]} Nf6 {[%clk 1:32:10]} 5. d4 {[%clk 1:32:34]} exd4
{[%clk 1:32:36]} 6. O-O {[%clk 1:33:01]} Nxe4 {[%clk 1:15:21]} 7. cxd4
{[%clk 1:32:05]} d5 {[%clk 1:13:02]} 8. dxc5 {[%clk 1:32:31]} dxc4
{[%clk 1:13:23]} 9. Qe2 {[%clk 1:32:59]} Qe7 {[%clk 1:09:12]} 10. Qxc4
{[%clk 1:10:20]} Nxc5 {[%clk 1:07:11]} 11. Bg5 {[%clk 1:10:12]} f6
{[%clk 1:05:02]} 12. Be3 {[%clk 1:08:36]} Nd7 {[%clk 0:59:39]} 13. Nc3
{[%clk 0:48:33]} Nde5 {[%clk 0:55:59]} 14. Nxe5 {[%clk 0:48:43]} Nxe5
{[%clk 0:56:21]} 15. Qb3 {[%clk 0:46:28]} c6 {[%clk 0:51:46]} 16. Ne4
{[%clk 0:40:32]} Be6 {[%clk 0:43:09]} 17. Qd1 {[%clk 0:37:28]} b6
{[%clk 0:37:02]} 18. Nd6+ {[%clk 0:22:45]} Kf8 {[%clk 0:37:26]} 19. Bf4
{[%clk 0:23:00]} Rd8 {[%clk 0:27:37]} 20. Bxe5 {[%clk 0:23:24]} Bd5
{[%clk 0:27:42]} 21. Bg3 {[%clk 0:17:08]} Rxd6 {[%clk 0:27:47]} 22. Bxd6
{[%clk 0:15:24]} Qxd6 {[%clk 0:28:13]} 23. Qh5 {[%clk 0:14:23]} g6
{[%clk 0:25:35]} 24. Qh6+ {[%clk 0:14:44]} Kf7 {[%clk 0:26:01]} 25. Rfe1
{[%clk 0:14:36]} Qb4 {[%clk 0:24:12]} 26. Qh3 {[%clk 0:11:09]} Qd6 27. Re3
{[%clk 0:10:40]} h5 {[%clk 0:20:45]} 28. Rae1 {[%clk 0:10:28]} Rd8
{[%clk 0:18:50]} 29. Re7+ {[%clk 0:07:24]} Qxe7 {[%clk 0:18:45]} 30. Rxe7+
{[%clk 0:07:53]} Kxe7 {[%clk 0:19:08]} 31. Qa3+ {[%clk 0:07:58]} Ke8
{[%clk 0:10:58]} 32. Qxa7 {[%clk 0:08:13]} Bxa2 {[%clk 0:11:15]} 33. h3
{[%clk 0:08:37]} Bf7 {[%clk 0:11:37]} 34. Qxb6 {[%clk 0:08:46]} Rd6
{[%clk 0:10:23]} 35. Qc7 {[%clk 0:08:27]} Re6 {[%clk 0:10:25]} 36. Qc8+
{[%clk 0:07:59]} Ke7 {[%clk 0:10:44]} 37. Kh2 {[%clk 0:06:42]} Be8
{[%clk 0:09:16]} 38. Qb7+ {[%clk 0:05:56]} Kf8 {[%clk 0:07:47]} 39. Kg3
{[%clk 0:05:01]} Re7 {[%clk 0:07:15]} 40. Qb4 {[%clk 0:35:04]} Kf7
{[%clk 0:36:46]} 41. Qc4+ {[%clk 0:33:00]} Kg7 {[%clk 0:36:34]} 42. f4
{[%clk 0:32:21]} f5 {[%clk 0:35:21]} 43. Qc3+ {[%clk 0:32:30]} Kf7
{[%clk 0:35:09]} 44. Kh4 {[%clk 0:32:44]} Re6 {[%clk 0:33:46]} 45. Qc5
{[%clk 0:26:43]} Re7 {[%clk 0:33:17]} 46. Qd6 {[%clk 0:25:03]} Re6
{[%clk 0:31:39]} 47. Qd8 {[%clk 0:25:20]} Re2 {[%clk 0:30:14]} 48. g3
{[%clk 0:25:36]} Re3 {[%clk 0:28:52]} 49. b4 {[%clk 0:24:14]} Re7
{[%clk 0:16:28]} 50. Kg5 {[%clk 0:22:37]} Re6 {[%clk 0:16:53]} 51. Qc7+
{[%clk 0:17:36]} Re7 {[%clk 0:17:16]} 52. Qb8 {[%clk 0:17:53]} Re6
{[%clk 0:16:21]} 53. Qa7+ {[%clk 0:17:12]} Re7 {[%clk 0:16:05]} 54. Qa2+
{[%clk 0:11:58]} Re6 {[%clk 0:16:10]} 55. Kh6 {[%clk 0:12:12]} Ke7
{[%clk 0:14:13]} 56. Kg7 {[%clk 0:12:03]} Kd7 {[%clk 0:13:26]} 57. Qa7+
{[%clk 0:11:55]} Kd6 {[%clk 0:13:17]} 58. Qc5+ {[%clk 0:10:40]} Kd7
{[%clk 0:13:36]} 59. b5 {[%clk 0:07:52]} cxb5 {[%clk 0:13:39]} 60. Qxb5+
{[%clk 0:08:00]} Kd6 {[%clk 0:12:34]} 61. Qd3+ {[%clk 0:07:52]} Ke7
{[%clk 0:11:47]} 62. Qd4 {[%clk 0:07:22]} Rd6 {[%clk 0:11:36]} 63. Qe5+
{[%clk 0:06:51]} Re6 {[%clk 0:11:52]} 64. Qc5+ {[%clk 0:05:43]} Rd6
{[%clk 0:12:08]} 65. Qb4 {[%clk 0:05:29]} Bd7 {[%clk 0:12:16]} 66. Qb3
{[%clk 0:05:54]} Re6 {[%clk 0:12:33]} 67. Kh6 {[%clk 0:03:26]} Be8
{[%clk 0:12:14]} 68. Kg5 {[%clk 0:03:54]} Bd7 {[%clk 0:11:20]} 69. Qc3
{[%clk 0:03:54]} Be8 {[%clk 0:11:01]} 70. Qb2 {[%clk 0:03:44]} Rd6
{[%clk 0:11:00]} 71. Qg7+ {[%clk 0:03:46]} Bf7 {[%clk 0:11:27]} 72. Qe5+
{[%clk 0:04:08]} Re6 {[%clk 0:10:44]} 73. Qc7+ {[%clk 0:04:31]} Kf8
{[%clk 0:09:52]} 74. Kh6 {[%clk 0:04:35]} Re8 {[%clk 0:07:21]} 75. Qd6+
{[%clk 0:03:37]} Re7 {[%clk 0:06:05]} 76. Qf6 {[%clk 0:03:03]} Re6
{[%clk 0:06:18]} 77. Qd8+ {[%clk 0:03:21]} Re8 {[%clk 0:06:36]} 78. Qd6+
{[%clk 0:03:13]} Re7 {[%clk 0:07:02]} 79. Kg5 {[%clk 0:03:12]} Ke8
{[%clk 0:05:47]} 80. Kf6 {[%clk 0:03:02]} Re6+ {[%clk 0:03:51]} 81. Qxe6+
{[%clk 0:03:23]} Bxe6 {[%clk 0:04:19]} 82. Kxe6 {[%clk 0:03:15]} g5
{[%clk 0:04:31]} 83. h4 {[%clk 0:03:31]} gxf4 {[%clk 0:04:56]} 84. gxf4
{[%clk 0:03:56]} Kf8 {[%clk 0:05:23]} 85. Kxf5 {[%clk 0:04:19]} Kf7
{[%clk 0:05:50]} 86. Kg5 {[%clk 0:04:39]} Kg7 {[%clk 0:06:18]} 87. Kxh5
{[%clk 0:05:00]} Kh7 {[%clk 0:06:44]} 88. Kg5 {[%clk 0:05:23]} Kg7
{[%clk 0:07:11]} 89. f5 {[%clk 0:05:26]} Kf7 {[%clk 0:07:37]} 90. f6
{[%clk 0:04:40]} Kf8 {[%clk 0:08:03]} 91. Kg6 {[%clk 0:05:02]} 1-0

[Event "MP do 16 lat - chlopcy"]
[Site "Sypniewo"]
[Date "2022.03.27"]
[Round "9.14"]
[White "Wydmanski, Szymon"]
[Black "Czernecki, Andrzej"]
[Result "1-0"]
[BlackElo "1848"]
[WhiteElo "1756"]
[LiveChessVersion "1.4.8"]

1. c4 {[%clk 1:30:56]} e5 {[%clk 1:30:43]} 2. Nc3 {[%clk 1:30:36]} Nf6
{[%clk 1:30:41]} 3. g3 {[%clk 1:28:59]} d5 {[%clk 1:30:35]} 4. cxd5
{[%clk 1:29:22]} Nxd5 {[%clk 1:30:54]} 5. Bg2 {[%clk 1:29:44]} Nb6
{[%clk 1:31:15]} 6. Nf3 {[%clk 1:28:59]} Nc6 {[%clk 1:31:23]} 7. O-O
{[%clk 1:28:59]} Be7 {[%clk 1:31:33]} 8. b3 {[%clk 1:27:10]} O-O {[%clk 1:30:00]}
9. Bb2 {[%clk 1:27:03]} f6 {[%clk 1:29:17]} 10. Rc1 {[%clk 1:24:49]} Be6
{[%clk 1:27:42]} 11. Re1 {[%clk 1:23:55]} a5 {[%clk 1:22:55]} 12. d4
{[%clk 1:19:12]} exd4 {[%clk 1:20:03]} 13. Nb5 {[%clk 1:19:29]} Bb4
{[%clk 1:20:20]} 14. Nfxd4 {[%clk 1:02:10]} Bd5 {[%clk 1:16:24]} 15. e4
{[%clk 0:55:25]} Nxd4 {[%clk 1:11:42]} 16. Nxd4 {[%clk 0:48:18]} Bf7
{[%clk 1:07:50]} 17. Re3 {[%clk 0:45:51]} c5 {[%clk 1:01:42]} 18. Nf5
{[%clk 0:40:02]} Bd2 {[%clk 1:01:09]} 19. Qg4 {[%clk 0:37:50]} Bg6
{[%clk 0:55:45]} 20. Rd1 {[%clk 0:37:00]} Bxf5 {[%clk 0:53:21]} 21. exf5
{[%clk 0:32:58]} Re8 {[%clk 0:47:37]} 22. Re2 Qd3 {[%clk 0:47:06]} 23. Rexd2
{[%clk 0:31:25]} Re1+ {[%clk 0:47:19]} 24. Rxe1 {[%clk 0:31:45]} Qxd2
{[%clk 0:47:47]} 25. Qe2 {[%clk 0:32:02]} Qxe2 {[%clk 0:47:59]} 26. Rxe2
{[%clk 0:32:27]} a4 {[%clk 0:48:26]} 27. Bxb7 {[%clk 0:28:29]} Ra7
{[%clk 0:48:15]} 28. Bf3 {[%clk 0:27:53]} axb3 {[%clk 0:48:21]} 29. axb3
{[%clk 0:28:17]} Ra2 {[%clk 0:48:24]} 30. Bh5 {[%clk 0:28:06]} g6
{[%clk 0:48:14]} 31. fxg6 {[%clk 0:28:19]} hxg6 {[%clk 0:48:38]} 32. Bxf6
{[%clk 0:27:34]} 1-0

[Event "MP do 16 lat - chlopcy"]
[Site "Sypniewo"]
[Date "2022.03.27"]
[Round "9.16"]
[White "Jendrowiak, Maciej"]
[Black "Melerowicz, Dominik"]
[Result "1/2-1/2"]
[BlackElo "1825"]
[WhiteElo "1650"]
[LiveChessVersion "1.4.8"]

1. e4 {[%clk 1:30:56]} c5 {[%clk 1:30:54]} 2. c3 {[%clk 1:31:21]} d5
{[%clk 1:31:18]} 3. exd5 {[%clk 1:31:40]} Qxd5 {[%clk 1:31:42]} 4. d4
{[%clk 1:31:45]} Nc6 {[%clk 1:32:05]} 5. Nf3 {[%clk 1:31:54]} Bf5
{[%clk 1:32:28]} 6. Be3 {[%clk 1:28:36]} cxd4 {[%clk 1:32:49]} 7. Nxd4
{[%clk 1:28:34]} O-O-O {[%clk 1:20:38]} 8. Qa4 {[%clk 1:22:38]} Nxd4
{[%clk 1:13:24]} 9. cxd4 {[%clk 1:21:32]} a6 {[%clk 1:11:36]} 10. Nd2
{[%clk 1:20:03]} e6 {[%clk 1:04:57]} 11. Rc1+ {[%clk 1:03:37]} Kb8
{[%clk 1:05:19]} 12. Bf4+ {[%clk 1:03:19]} Bd6 {[%clk 1:05:20]} 13. Rc5
{[%clk 1:01:51]} Bxf4 {[%clk 1:05:08]} 14. Rxd5 {[%clk 1:02:14]} exd5
{[%clk 1:05:16]} 15. g3 {[%clk 1:00:17]} Bd6 {[%clk 1:04:45]} 16. Bg2
{[%clk 0:58:12]} Nf6 {[%clk 1:04:48]} 17. O-O {[%clk 0:58:17]} Rhe8
{[%clk 1:05:09]} 18. Qa5 {[%clk 0:52:33]} Bc7 {[%clk 1:03:08]} 19. Qb4
{[%clk 0:52:03]} Re6 {[%clk 1:00:33]} 20. Nb3 {[%clk 0:51:10]} Bd6
{[%clk 0:57:46]} 21. Qb6 {[%clk 0:50:00]} Bc7 {[%clk 0:57:26]} 22. Qb4
{[%clk 0:49:15]} Bd6 {[%clk 0:54:30]} 23. Qb6 {[%clk 0:49:26]} Bc7
{[%clk 0:54:54]} 24. Qb4 {[%clk 0:49:45]} Bd6 {[%clk 0:50:28]} 1/2-1/2

[Event "MP do 16 lat - chlopcy"]
[Site "Sypniewo"]
[Date "2022.03.27"]
[Round "9.17"]
[White "Starosciak, Szymon"]
[Black "Rzenca, Jerzy"]
[Result "1-0"]
[BlackElo "1586"]
[WhiteElo "1921"]
[LiveChessVersion "1.4.8"]

1. e4 {[%clk 1:30:58]} c6 {[%clk 1:30:55]} 2. d4 {[%clk 1:31:24]} d5
{[%clk 1:31:21]} 3. Nc3 {[%clk 1:31:49]} dxe4 {[%clk 1:31:41]} 4. Nxe4
{[%clk 1:32:10]} Bf5 {[%clk 1:32:09]} 5. Ng3 {[%clk 1:32:32]} Bg6
{[%clk 1:32:34]} 6. h4 {[%clk 1:32:44]} h6 {[%clk 1:32:58]} 7. Nf3
{[%clk 1:33:09]} Nd7 {[%clk 1:33:23]} 8. h5 {[%clk 1:33:31]} Bh7 {[%clk 1:33:47]}
9. Bd3 {[%clk 1:33:56]} Bxd3 {[%clk 1:34:12]} 10. Qxd3 {[%clk 1:34:23]} e6
{[%clk 1:34:35]} 11. Bd2 {[%clk 1:34:06]} Ngf6 {[%clk 1:34:57]} 12. O-O-O
{[%clk 1:34:25]} Be7 {[%clk 1:35:10]} 13. Kb1 {[%clk 1:34:10]} Qb6
{[%clk 1:35:23]} 14. Rhe1 {[%clk 1:32:45]} O-O {[%clk 1:35:39]} 15. Nf5
{[%clk 1:32:04]} exf5 {[%clk 1:36:00]} 16. Rxe7 {[%clk 1:32:29]} Qd8
{[%clk 1:36:20]} 17. Re2 {[%clk 1:32:34]} Ne4 {[%clk 1:36:33]} 18. Bc1
{[%clk 1:30:37]} Ndf6 {[%clk 1:33:22]} 19. Nh4 {[%clk 1:23:07]} Qa5
{[%clk 1:06:34]} 20. f3 {[%clk 1:17:20]} Ng3 {[%clk 0:41:49]} 21. Re5
{[%clk 1:17:30]} Qd8 {[%clk 0:40:20]} 22. Nxf5 {[%clk 1:14:06]} Nfxh5
{[%clk 0:32:10]} 23. Be3 {[%clk 0:42:00]} Re8 {[%clk 0:25:45]} 24. Rxe8+
{[%clk 0:40:26]} Qxe8 {[%clk 0:26:07]} 25. Nxg3 {[%clk 0:40:02]} Nxg3
{[%clk 0:26:31]} 26. Bf4 {[%clk 0:39:45]} Nh5 {[%clk 0:26:12]} 27. Be5
{[%clk 0:39:23]} Qe7 {[%clk 0:22:24]} 28. g4 {[%clk 0:35:36]} Nf6
{[%clk 0:22:42]} 29. g5 {[%clk 0:28:11]} Nd7 {[%clk 0:17:17]} 30. gxh6
{[%clk 0:27:11]} Nxe5 {[%clk 0:16:08]} 31. dxe5 {[%clk 0:27:29]} Qxe5
{[%clk 0:15:08]} 32. hxg7 {[%clk 0:27:45]} Re8 {[%clk 0:14:31]} 33. b3
{[%clk 0:27:25]} Kxg7 {[%clk 0:07:20]} 34. Rg1+ {[%clk 0:26:32]} Kf8
{[%clk 0:07:20]} 35. Rh1 {[%clk 0:24:28]} Ke7 {[%clk 0:05:34]} 36. Qd2
{[%clk 0:24:39]} Kf8 {[%clk 0:03:01]} 37. Qd7 {[%clk 0:24:43]} Qe7
{[%clk 0:01:16]} 38. Rh8+ {[%clk 0:23:31]} 1-0